La pelle du 18 juin (8 mots dans mots/mort subite) - Statistiques

Statistiques générales
  • Ce quiz a été pris 47 fois
  • Le résultat moyen est 6 sur 8
Answers on the Grid
Answers color-coded by a green-red scale on the quiz's grid according to % correct below.
Inter-----
Ser-----re
Cou-----
Estam-----
-----tée
Antica-----ire
-----teuse
Pa-----nner
Cha-----
Empa-----ter
Epar-----r
-----tage
Gas-----ge
Chargeuse - -----teuse
Hous-----r
Rap-----
 
Statistiques - réponses
Réponse % Correct
Inter-----
93%
Cou-----
86%
Rap-----
81%
-----teuse
81%
Cha-----
79%
-----tage
79%
Chargeuse - -----teuse
76%
-----tée
67%
Aucun quiz correspondant
Distribution des résultats
% des personnes avec chaque résultat
Percentile par nombre de réponses
Votre historique - résultats
Vous n’avez pas pris ce quiz